00358nam a2200133 a 45000010010000000030011000100080041000210350026000620820014000881000018001022450019001202600061001396500024002000000-8861ELIB.Books110520 1969  a(ELIB.Books)0000-9007 a268 bRow aRowell, J. Cy aTo Be A Person bValley Forge: American Baptist Board of Education c1969 aChristian Education